[Event "FRA-ch"]
[Site "Meribel"]
[Date "1998.08.27"]
[Round "14"]
[White "Chomet, Pascal"]
[Black "Fressinet, Laurent"]
[Result "1/2-1/2"]
[WhiteElo "2405"]
[BlackElo "2455"]
[Annotator "Hecht,H"]
[PlyCount "130"]
[EventDate "1998.08.14"]
[EventType "tourn"]
[EventRounds "15"]
[EventCountry "FRA"]
[EventCategory "10"]
[SourceTitle "CBM 067"]
[Source "ChessBase"]
[SourceDate "1998.11.30"]
[SourceVersion "2"]
[SourceVersionDate "1998.11.01"]
[SourceQuality "1"]

1. g3 d5 2. Bg2 Nf6 3. d3 c6 4. Nf3 Bg4 5. O-O Nbd7 6. Nbd2 e5 7. e4 Bd6 8. h3
Bh5 9. g4 Bg6 10. Nh4 O-O 11. Nf5 Bc5 12. Nb3 Bb6 13. Qf3 Re8 14. Bg5 h6 15.
Bh4 Bxf5 16. Qxf5 g6 17. Qf3 g5 18. Bg3 dxe4 19. dxe4 Nf8 20. a4 a5 21. Rad1
Qe7 22. Nd2 Ng6 23. Nc4 Bc5 24. Ne3 Bxe3 25. fxe3 Kg7 26. Be1 b6 27. Qe2 Red8
28. Rxd8 Rxd8 29. Qc4 Qd6 30. Bf3 Nd7 31. b4 axb4 32. Bxb4 Qc7 33. Be2 Nf6 34.
Bc3 Nh4 35. Bd3 h5 36. gxh5 Nxh5 37. Kh2 Nf6 38. Be2 Rh8 39. Rg1 Kg6 40. Rg3 c5
41. a5 bxa5 42. Qa6 Qc8 43. Bh5+ Kg7 44. Rxg5+ Ng6 45. Qxc8 Rxc8 46. Bxe5 a4
47. Bc3 a3 48. Bf3 Re8 49. Rxc5 Nh4 50. Bh1 Kg6 51. e5 Nd7 52. Ra5 Nf5 53. Be4
Kg5 54. Bxf5 Kxf5 55. Rxa3 {Beweglicher Springer gegen toten Läufer; schlechte
weiße Bauernstruktur; später abgeschnittener weißer König ==> remis} Rc8 56.
Kg3 $2 (56. Bd4 Rxc2+ 57. Kg3 $14) 56... Nc5 {[%cal Rc5e4]} 57. Bd4 Ne4+ 58.
Kg2 (58. Kf3 Rxc2 $19 {[%cal Rc2f2]}) 58... Rxc2+ 59. Kf1 {Nach dem Abdrängen
des Königs auf die 1.Reihe gibt es keine Gewinnchance mehr.} Ng5 {Gut genug.
Es hielt ebenfalls remis:} (59... Nd2+ 60. Ke1 Nf3+ 61. Kd1 Rd2+ 62. Kc1 Rh2
63. Ra7 Nxd4 64. exd4 Ke4 $11 {[%csl Rd4,Rh3][%cal Gh2a2]} 65. Rd7 (65. Rxf7
Kxd4 66. Rf3 Kxe5 67. Kd1 Ke4 68. Ra3 Kf4) (65. Ra4 Rxh3 66. Kc2 Kd5 {[%csl
Rd4][%cal Gh3a3]}) (65. Rxf7 Kxd4 66. e6 Rxh3 67. Rd7+ Kc5 (67... Ke5 68. e7
Rh8 69. Rd8 $18) 68. e7 Re3 69. Kd2 Re6 70. Kd3 Kc6 71. Ra7 Kd6) 65... Rxh3 66.
Kc2 Rd3) 60. Ra6 Ne6 61. Ra7 Kg6 62. Ra8 Kh7 63. Kg1 Ng5 64. h4 Nf3+ 65. Kf1
Rd2 {Remisschaukel Sf3-h2-f3} 1/2-1/2

[Event "St Petersburg-ch"]
[Site "St Petersburg"]
[Date "2002.04.16"]
[Round "1"]
[White "Eliseev, Alexey"]
[Black "Ivanov, Sergey"]
[Result "0-1"]
[WhiteElo "2489"]
[BlackElo "2546"]
[Annotator "Hecht,H"]
[PlyCount "130"]
[EventDate "2002.04.16"]
[EventType "tourn"]
[EventRounds "9"]
[EventCountry "RUS"]
[EventCategory "9"]
[SourceTitle "CBM 089"]
[Source "ChessBase"]
[SourceDate "2002.08.12"]
[SourceVersion "1"]
[SourceVersionDate "2002.08.12"]
[SourceQuality "1"]

1. Nf3 Nf6 2. g3 d5 3. Bg2 c6 4. O-O Bg4 5. Ne5 Bf5 6. b3 Nbd7 7. Bb2 Nxe5 8.
Bxe5 e6 9. d3 Bd6 10. Bb2 O-O 11. Nd2 e5 12. e4 Bg4 13. Qe1 Re8 14. h3 Bh5 15.
Bf3 Bg6 16. Qe2 a5 17. a3 Qe7 18. h4 h5 19. Rfe1 Rad8 20. Qf1 Qc7 21. Re2 Bc5
22. Rae1 d4 23. Bc1 b5 24. Nb1 Ng4 25. Qh3 Qd7 26. Bd2 Bb6 27. Bg2 f6 28. f3
Ne3 29. Qxd7 Rxd7 30. Bh3 Ra7 31. Rc1 Bf7 32. Kf2 g6 33. Ke1 Kg7 34. Rh2 Bc5
35. Ke2 b4 36. a4 Bg8 37. Bxe3 dxe3 38. f4 f5 39. exf5 gxf5 40. Bxf5 Rf8 41.
Be4 Be6 42. Bf3 Bg4 43. Bxg4 hxg4 44. Rf1 exf4 45. gxf4 Raf7 46. c3 Rxf4 47.
Rxf4 Rxf4 48. Rg2 Kh6 49. d4 bxc3 50. dxc5 c2 51. Rg1 cxb1=Q 52. Rxb1 Re4 53.
b4 Rxb4 54. Rxb4 axb4 {Freibauernrennen} 55. a5 (55. Kxe3 b3 56. a5 b2 57. a6
b1=Q $19) 55... g3 56. a6 (56. Kxe3 g2 57. Kf2 b3 58. a6 b2 59. a7 g1=Q+ 60.
Kxg1 b1=Q+ $19) 56... g2 57. a7 g1=Q 58. a8=Q Qf2+ 59. Kd3 Qd2+ 60. Ke4 e2 $2 (
60... Kh5 $1) 61. Qh8+ Kg6 62. h5+ $2 (62. Qg8+ Kh5 63. Qh7+ Kg4 64. Qf5+ Kg3
65. Qf3+ Kxh4 66. Qf6+ Qg5 67. Qf2+ Qg3 68. Qxe2 {war viel besser}) 62... Kf7
63. Qh7+ Ke8 64. Qg8+ Kd7 65. Qd5+ Qxd5+ 0-1

[Event "FRA-ch"]
[Site "Narbonne"]
[Date "1997.08.26"]
[Round "11"]
[White "Neiman, Emmanuel"]
[Black "Prie, Eric"]
[Result "1-0"]
[WhiteElo "2315"]
[BlackElo "2465"]
[Annotator "Hecht,H"]
[PlyCount "109"]
[EventDate "1997.08.15"]
[EventType "tourn"]
[EventRounds "15"]
[EventCountry "FRA"]
[EventCategory "9"]
[SourceTitle "CBM 061"]
[Source "ChessBase"]
[SourceDate "1997.11.23"]
[SourceVersion "1"]
[SourceVersionDate "1997.11.23"]
[SourceQuality "1"]

1. Nf3 d5 2. g3 Nf6 3. Bg2 c6 4. O-O Bg4 5. d3 Nbd7 6. Nbd2 e5 7. h3 Bh5 8. g4
(8. b3 Bd6 9. Nh4 O-O 10. Nf5 Bc5 11. Bb2 Re8 12. Qe1 Qc7 13. e4 dxe4 14. dxe4
Bf8 15. a4 b5 16. Qe3 Nc5 17. Rfe1 a5 18. Bf3 Bxf3 19. Qxf3 Nfd7 20. axb5 cxb5
21. c4 Reb8 22. cxb5 Rxb5 23. Red1 Ra6 24. Ba3 Qb7 25. Rac1 g6 26. Ne3 Nxb3 27.
Bxf8 Nd4 28. Qg4 h5 29. Qh4 Nxf8 30. Kg2 Rc6 31. Nf3 Rxc1 32. Rxc1 Nxf3 33.
Kxf3 Ne6 34. Kg2 Rb1 35. Rxb1 Qxb1 36. Nd5 a4 37. Kh2 a3 38. Nf6+ Kg7 39. Nd7
g5 {0-1 Anastasian,A-Kacheishvili,G/Linares op 1996/EXP 51}) 8... Bg6 9. Nh4
Be7 (9... Bc5 10. c4 (10. Nxg6 hxg6 11. e3 Qe7 12. b3 a5 13. Bb2 a4 14. Rb1
axb3 15. axb3 Nh7 16. d4 Bd6 17. dxe5 Bxe5 18. Bxe5 Qxe5 19. Re1 O-O-O 20. Nf3
Qc3 21. b4 Qf6 22. b5 Kc7 23. bxc6 bxc6 24. c4 Nb6 25. cxd5 Nxd5 26. Qc2 Qc3
27. Qe2 Rhe8 28. Rec1 Qa3 29. Qc4 Rd6 30. Nd4 Kd7 31. Rb7+ {1-0 Petek,M-Macek,
V/CRO-chW Porec 1994/EXT 94ch2}) 10... dxc4 11. Nxc4 Nxg4 12. Nxg6 Nxf2 13.
Rxf2 Bxf2+ 14. Kxf2 hxg6 15. Qb3 Nb6 16. Be3 Nxc4 17. dxc4 Qe7 18. Qc3 O-O 19.
b4 Rfe8 20. a4 f5 21. Kg1 f4 22. Bf2 e4 23. a5 Rad8 24. Bd4 Qg5 25. Rf1 Rd7 26.
Kh1 a6 27. Kg1 Rf8 28. Kh1 f3 29. exf3 exf3 30. Bxf3 Qh4 31. Be5 Qxh3+ 32. Kg1
Rdf7 33. Bf4 g5 34. Qd3 gxf4 35. Rf2 Qd7 36. Qc2 Rd8 37. Rg2 Qd3 38. Qf2 Qe3
39. Bh5 Qxf2+ 40. Rxf2 Rf5 41. Bf3 Rd4 42. Re2 Kf7 43. Kg2 {0-1 Amendola,
K-Blees,A/Athens Akropolis op 1992/TD 92\04}) 10. e3 Qb6 11. Qe2 Nf8 12. Nb3
N6d7 13. Nxg6 Nxg6 14. c4 dxc4 15. dxc4 h5 16. Bd2 Qc7 17. f3 Nh4 18. Bh1 e4
19. f4 hxg4 20. hxg4 f5 21. Nd4 g6 22. Bc3 Rh7 23. b4 c5 24. Nb5 Qb6 25. Rfd1
a6 26. Qd2 O-O-O 27. Nd6+ Bxd6 28. Qxd6 cxb4 29. Qxb6 Nxb6 30. Rxd8+ Kxd8 31.
Rd1+ Kc8 32. Bxb4 Nxc4 33. Kf2 fxg4 34. Bxe4 Nf5 35. Rc1 b5 36. a4 Rh2+ 37. Kg1
Rb2 38. Bc3 Re2 39. axb5 axb5 40. Bc6 Nh4 41. Bxb5 Nf3+ 42. Kf1 Rh2 43. Be1
Rh1+ 44. Ke2 Rxe1+ 45. Rxe1 Nxe1 46. Bxc4 {[#] Theme: the Surrounded Knight. 
[#] Thema: Eingekreister Springer.} Ng2 (46... Nc2 47. Bd3 Nb4 48. Bxg6 g3 49.
Be4 $18 {[%cal Re2f3,Rf3g3]}) 47. Be6+ Kd8 48. Kf2 Nh4 49. Bxg4 Ke7 50. Kg3 g5
(50... Nf5+ 51. Bxf5 gxf5 52. Kh4 Kf6 53. Kh5 $18) 51. fxg5 {The rest is
technique. Der Rest ist Technik} Ng6 52. Bf5 Ne5 53. Kf4 Nc4 54. Bd3 Nd6 55.
Ke5 1-0

[Event "EST-ch int"]
[Site "Puhajarve"]
[Date "2001.08.10"]
[Round "3"]
[White "Seeman, Tarvo"]
[Black "Kulaots, Kaido"]
[Result "1-0"]
[WhiteElo "2440"]
[BlackElo "2529"]
[Annotator "Hecht,H"]
[PlyCount "105"]
[EventDate "2001.08.08"]
[EventType "tourn"]
[EventRounds "11"]
[EventCountry "EST"]
[EventCategory "9"]
[SourceTitle "CBM 085"]
[Source "ChessBase"]
[SourceDate "2001.11.13"]
[SourceVersion "1"]
[SourceVersionDate "2001.11.13"]
[SourceQuality "1"]

1. g3 Nf6 2. Bg2 g6 3. Nf3 Bg7 4. O-O O-O 5. d4 d6 6. Nbd2 Nc6 7. e4 e5 8. dxe5
dxe5 9. c3 a5 10. a4 b6 11. Re1 Nd7 12. Bf1 Nc5 13. Qc2 f5 14. b4 fxe4 15. bxc5
exf3 16. cxb6 cxb6 17. Ba3 Re8 18. Ne4 Be6 19. Rad1 Qc7 20. Ng5 Kh8 21. Bd6 Qb7
22. Bb5 Bf5 23. Qb3 h6 24. Qd5 Rac8 25. Nf7+ Kh7 26. Nxe5 Bxe5 27. Bxe5 Rcd8
28. Bd6 Rxe1+ 29. Rxe1 Qd7 30. Bxc6 Qxd6 31. Qf7+ Kh8 32. Bxf3 Rf8 33. Re8 Rxe8
34. Qxe8+ Kg7 35. Qc6 Qxc6 36. Bxc6 {Läufer mit Mehrbauer} Kf6 37. f4 Ke7 38.
Kf2 Kd6 39. Bb5 Kc5 40. Ke3 h5 41. Bd3 Kd5 42. h3 Kc5 43. g4 hxg4 44. hxg4 Bxg4
45. Bxg6 Bd7 46. Bc2 Kc4 $6 {Für den Materialausgleich wird der weiße König
entscheidend eingreifen.} ({Aktiver ist} 46... b5 $5 47. axb5 Bxb5 48. Bb3 a4
49. Ba2 Bd7 (49... Bc4 50. Bxc4 Kxc4 51. Kd2 Kb3 52. Kc1 $18) 50. Ke4 Bc6+ 51.
Ke5 (51. Kd3 Bd7 52. Kc2 Bf5+ 53. Kb2 Bd7 54. Ka3 Kb5 {Ich sehe keinen Gewinn.}
) 51... Bb5 52. f5 Bc4 53. Bxc4 Kxc4 54. f6 a3 55. f7 a2 56. f8=Q a1=Q 57. Qb4+
Kd3 58. Qd4+ Kc2 59. c4 Qa4 $14) 47. f5 Kxc3 48. f6 Be6 49. Bf5 Bf7 50. Ke4 Kc4
51. Ke5 Kb4 52. Be6 Be8 53. Bd7 1-0

[Event "Serbian-ch 29th"]
[Site "Sabac"]
[Date "1998.04.22"]
[Round "3"]
[White "Kogan, Artur"]
[Black "Marciano, David"]
[Result "0-1"]
[WhiteElo "2505"]
[BlackElo "2485"]
[Annotator "Hecht,H"]
[PlyCount "96"]
[EventDate "1998.04.20"]
[EventType "tourn"]
[EventRounds "13"]
[EventCountry "YUG"]
[EventCategory "9"]
[SourceTitle "CBM 065"]
[Source "ChessBase"]
[SourceDate "1998.08.06"]
[SourceVersion "1"]
[SourceVersionDate "1998.08.06"]
[SourceQuality "1"]

1. g3 d5 2. Bg2 e5 3. d3 Nf6 4. Nf3 Nc6 5. c3 a5 6. O-O h6 7. Nbd2 Be6 8. Qa4
Bd6 9. e4 dxe4 10. dxe4 O-O 11. Nh4 Qb8 12. Nf5 Bc5 13. Qb5 Qa7 14. Nb3 Bb6 15.
Be3 a4 16. Bxb6 Qxb6 17. Qxb6 cxb6 18. Nd2 Rfd8 19. Rfd1 a3 20. b3 Rd3 21. Nf1
Rxc3 22. Nd6 Nd4 23. f4 Ng4 24. Rd2 Rd3 25. f5 Rd8 26. fxe6 Rxd6 27. exf7+ Kxf7
28. Re1 Rxd2 29. Nxd2 b5 30. Nf3 Nxf3+ 31. Bxf3 Nf6 32. Kf2 Rd2+ 33. Re2 Rxe2+
34. Kxe2 {[#] A strong knight, space, white pawn weaknesses, active black
king===> win! [#] starker Springer, Raum, weiße Bauernschwächen, aktiver
schwarzer König ===> Gewinn} b4 35. Kd3 b5 36. Ke3 Ke7 37. Be2 Kd6 38. h3 Kc5
39. Bd1 Ne8 40. Kd3 Nd6 41. Ke3 (41. Bc2 Nc4 42. bxc4 (42. Bb1 Nb2+ 43. Ke3
Nd1+ 44. Kd2 Nc3 $19) 42... bxc4+ 43. Ke3 (43. Kd2 b3 44. Bb1 Kd4 $19) 43... b3
44. Bb1 c3 45. Kd3 c2 46. Bxc2 bxa2 $19) 41... Nc4+ 42. Ke2 Kd4 43. Bc2 Nd6 {
[%cal Rd6e4,Rd4c3]} 44. Kd2 Nxe4+ 45. Bxe4 Kxe4 46. Ke2 g6 47. h4 h5 48. g4
hxg4 0-1

[Event "ROM-ch"]
[Site "Iasi"]
[Date "1999.12.21"]
[Round "9"]
[White "Nanu, Ciprian Costica"]
[Black "Mateuta, Gabriel"]
[Result "1-0"]
[WhiteElo "2397"]
[BlackElo "2398"]
[Annotator "Hecht,H"]
[PlyCount "105"]
[EventDate "1999.12.13"]
[EventType "tourn"]
[EventRounds "15"]
[EventCountry "ROU"]
[EventCategory "9"]
[SourceTitle "CBM 075"]
[Source "ChessBase"]
[SourceDate "2000.04.05"]
[SourceVersion "1"]
[SourceVersionDate "2000.04.05"]
[SourceQuality "1"]

1. Nf3 d5 2. g3 c6 3. Bg2 Bg4 4. O-O Nd7 5. h3 Bh5 6. d3 e5 7. b3 Ngf6 8. Bb2
Bd6 9. Nbd2 O-O 10. Nh4 Re8 11. Nf5 Bf8 12. g4 Bg6 13. e4 Bxf5 14. exf5 d4 15.
f4 Bb4 16. Nc4 exf4 17. Bxd4 Nd5 18. Bxd5 cxd5 19. Nb2 Qh4 20. Qf3 Bd2 21. Nd1
Ne5 22. Qf2 Qxh3 23. Qxd2 Nf3+ 24. Rxf3 Qxf3 25. Nc3 Qg3+ 26. Kh1 f3 27. Rg1
Re2 28. Rxg3 Rxd2 29. Rxf3 Rxc2 30. Rf2 Rc1+ 31. Kg2 f6 32. Ne2 Rc2 33. Nf4
Rxf2+ 34. Bxf2 {[%csl Rd5] [#] Schwarze Bauernschwächen, gutes weißes
Figurenzusammenspiel, weißer Raumvorteil} Rd8 35. Kf3 b6 36. Ke3 Kf7 37. a4 g6
38. Kd4 gxf5 39. gxf5 Re8 40. Nxd5 Re5 41. Ne3 h5 42. b4 Re8 43. Nd5 Re2 44.
Bh4 Rh2 45. Bxf6 h4 46. Be5 Ra2 47. Nc3 Rb2 48. Ne4 Rg2 (48... Rxb4+ 49. Kd5
Rxa4 50. Ng5+ Kf8 51. f6 $18) 49. Ke3 h3 50. Kf3 Rg1 51. Nf2 Rf1 (51... Rg5 52.
Kf4 Rh5 53. Kg4 h2 54. Kxh5 $18) 52. Ke2 Rb1 53. Nxh3 1-0

[Event "Varna-18"]
[Site "Varna"]
[Date "1979.05.18"]
[Round "4"]
[White "Hesse, Peter"]
[Black "Szilagyi, Gyorgy"]
[Result "1-0"]
[WhiteElo "2420"]
[BlackElo "2355"]
[Annotator "Hesse,P"]
[PlyCount "141"]
[EventDate "1979.05.15"]
[EventType "tourn"]
[EventRounds "13"]
[EventCountry "BUL"]
[EventCategory "5"]
[SourceTitle "EXT 2005"]
[Source "ChessBase"]
[SourceDate "2004.11.15"]
[SourceVersion "1"]
[SourceVersionDate "2004.11.15"]
[SourceQuality "1"]

{SCHACH 8/1979} 1. Nf3 d5 2. g3 c6 3. Bg2 Bg4 4. d3 Nd7 5. Nbd2 e6 6. O-O Bd6
7. b3 Ne7 8. Bb2 O-O 9. Qe1 Ng6 10. e4 Re8 11. h3 Bxf3 12. Nxf3 a5 13. a4 f5
14. e5 Bb4 15. Qe2 b5 16. h4 bxa4 17. bxa4 Nh8 18. d4 Nf7 19. c3 Bf8 20. c4 Bb4
21. c5 Nf8 22. Bc1 Ra7 23. Rb1 Qc7 24. Rb3 Rb8 25. Bf4 Qc8 26. Rfb1 Rbb7 27.
Qb2 Nd8 28. Bf1 h6 29. Bd3 Qd7 30. Qe2 Qe8 31. Ba6 Rb8 32. Bd2 Rba8 33. Bd3
Bxd2 34. Nxd2 Nd7 35. f4 h5 36. Nf3 g6 37. Ng5 Kg7 38. R1b2 Kh6 39. Qc2 Qe7 40.
Kh2 Kg7 41. Qd1 Kh6 42. Be2 Kg7 43. Nh3 Kh6 44. Nf2 Kg7 45. Qc2 Kh6 46. Nd1 Rc7
47. Bd3 Kg7 48. Ne3 Qf8 49. Rb1 Qe7 50. Qd2 Qe8 51. Bc2 Qe7 52. Kh3 Qe8 53. Rg1
Nf8 54. Rgb1 Nd7 55. Nd1 Kh6 56. Nf2 Qe7 $6 {Etwas unter Zeitdruck führte
Schwarz diesen letzten Zug vor der Zeitkontrolle rasch aus und gibt damit
Weiss die Chance, die Stellung am Königsflügel unter Figurenopfer zu öffnen.} (
56... Kg7 $1 {und wohl Remisschluss}) 57. Rg1 Rb7 58. Rc3 {Der Turm wird noch
gebraucht!} Nf8 59. g4 $1 hxg4+ 60. Nxg4+ fxg4+ 61. Rxg4 Kg7 {Der
entscheidende Tempogewinn für Weiss.} 62. Rcg3 Rb2 63. Qd3 ({Falls} 63. Qc1 {so
} Rxc2 64. Qxc2 Qf7 65. h5 Qf5 $1) 63... Qf7 64. Rxg6+ $1 Nxg6 65. Rxg6+ Kh8 ({
Falls} 65... Kf8 66. Rf6 Ra7 67. Qg6 Ke8 68. Rxf7 Rxf7 69. f5 Rxc2 70. fxe6
Rc3+ 71. Kg4 Nxe6 72. Qxe6+ {mit Vorteil für Weiss}) 66. Rh6+ Kg8 67. Qg3+ Kf8
(67... Qg7 68. Rg6 Ra7 69. Rxg7+ Rxg7 70. Bg6 Rgb7 ({bzw.} 70... Nf7 71. Qg4
Rb3+ 72. Kg2 Rb2+ 73. Kf3 Rb3+ 74. Ke2 Rb2+ 75. Kd3 Nd8 76. Qg5 Nf7 77. Qf6 {
jeweils mit Vorteil für Weiss.}) 71. Kg4 R7b3 72. Qg1 Nf7 73. Kh5) 68. Rh8+ Ke7
69. Qg5+ $1 ({Aber nicht} 69. Bg6 $2 Rb3 $1) 69... Kd7 70. Bg6 Rab8 ({Mit} 
70... Qe7 71. Rh7 Qxh7 {konnte Schwarz noch Widerstand leisten, obwohl Weiss
in Vorteil ist.}) 71. Rxd8+ $1 1-0

[Event "London WFW"]
[Site "London"]
[Date "1990.??.??"]
[Round "?"]
[White "Larsen, Bent"]
[Black "Frias Pablaza, Victor J"]
[Result "1/2-1/2"]
[WhiteElo "2550"]
[BlackElo "2500"]
[Annotator "Horn,Pe"]
[PlyCount "114"]
[EventDate "1990.04.??"]
[EventType "tourn"]
[EventRounds "13"]
[EventCountry "ENG"]
[EventCategory "11"]
[SourceTitle "CBM 018"]
[Source "ChessBase"]
[SourceDate "1990.10.01"]
[SourceVersion "1"]
[SourceVersionDate "1990.10.01"]
[SourceQuality "1"]

1. g3 d5 2. Nf3 c6 3. Bg2 Nf6 4. O-O Bf5 5. b3 e6 6. Bb2 Bc5 7. d3 h6 8. Nbd2
O-O 9. Ne5 {Mit Be7 ein bekanntes Manöver: e2-e4 wird ohne Qe1 oder e3/Qe2
durchgesetzt.} Nbd7 10. e4 Bh7 11. Nxd7 Nxd7 12. Qe2 a5 13. a3 Nf6 14. Kh1 $14
{Bei Be7 (statt Bc5) könnte S leichter ein Gegenspiel am Q-Flügel inszenieren.}
dxe4 15. dxe4 Bd4 16. c3 $1 {ein typisches Manöver} Bc5 17. Rfd1 Qb6 18. f3
Rfd8 19. b4 axb4 20. Nc4 (20. axb4 $5 $14) 20... Qb5 21. Rxd8+ Rxd8 22. axb4
Bb6 23. Bf1 Bc7 24. Qf2 (24. Rd1) 24... Qh5 25. Re1 g5 26. h3 Qg6 {/\ Nh5} 27.
e5 $6 (27. g4 $5 {sieht konsequent aus: Qg6 und Bh7 stoßen auf Granit.}) 27...
Nh5 28. Bc1 Qc2 {plötzlich sind wieder alle Figuren im Spiel} 29. Qxc2 Bxc2 30.
Kg2 Bd3 31. g4 Nf4+ 32. Bxf4 gxf4 33. Bxd3 Rxd3 $15 34. Re4 b5 35. Nd6 f6 36.
c4 fxe5 37. Nb7 Kf7 38. cxb5 cxb5 39. Nc5 Rd2+ 40. Kf1 Bd6 41. h4 Rd5 42. Nb7
Be7 43. h5 Kf6 44. Ke2 Rd7 45. Na5 Rc7 46. Kd3 Rc1 47. Nb3 Rf1 48. Nd2 Ra1 49.
Kc3 Ra3+ 50. Nb3 Bd8 51. Kb2 Ra7 52. Nd2 Ra4 53. Nb1 Be7 54. Kb3 Ra1 55. Kb2
Ra4 56. Kb3 Ra1 57. Kb2 Ra4 1/2-1/2

[Event "Dos Hermanas"]
[Site "Dos Hermanas"]
[Date "1992.??.??"]
[Round "2"]
[White "Hodgson, Julian M"]
[Black "De la Villa Garcia, Jesus Maria"]
[Result "0-1"]
[WhiteElo "2545"]
[BlackElo "2450"]
[Annotator "Horn,Pe"]
[PlyCount "70"]
[EventDate "1992.05.??"]
[EventType "tourn"]
[EventRounds "9"]
[EventCountry "ESP"]
[EventCategory "10"]
[SourceTitle "CBM 031"]
[Source "ChessBase"]
[SourceDate "1992.12.01"]
[SourceVersion "1"]
[SourceVersionDate "1992.12.01"]
[SourceQuality "1"]

1. g3 d5 2. Nf3 c6 3. Bg2 Bg4 4. d3 Nd7 5. O-O Ngf6 6. Nbd2 e5 7. h3 Bh5 (7...
Bxf3 8. Nxf3 Bc5 9. Nxe5 Nxe5 10. d4 Bd6 11. dxe5 Bxe5 12. Qd3 O-O $10 {
Polugaevsky-Geller, URS-ch 69}) 8. e4 Bd6 (8... dxe4 9. dxe4 $13) 9. exd5 $5 (
9. c3 O-O 10. Qc2 a5 11. a4 Re8 12. Re1 Bf8 13. Nf1 dxe4 14. dxe4 Nc5 15. Bg5
Bg6 16. Nh4 Qe7 $13 {Romanishin-Psakhis, Moskau 82}) (9. Qe1 O-O 10. Nh4 Re8
11. Nf5 Bf8 12. Nf3 Nc5 13. N3h4 a5 $132 {Botterill-Hodgson, Bath zt 87}) (9.
Re1 O-O 10. b3 Re8 11. Bb2 a5 12. a3 b5 $132 {Nikolac-Hodgson, Almada 88}) 9...
cxd5 10. c4 O-O 11. cxd5 Nxd5 12. Nc4 $5 (12. Qb3 N5f6 13. Ne4 Nxe4 14. dxe4
Nc5 15. Qd5 Bxf3 16. Bxf3 Qf6 17. Bg2 Rfd8 $10 {Norwood-Adams, BCF-ch 89})
12... Bc7 13. Qb3 {/\ Nxe5} N5b6 14. Bg5 $1 Qe8 (14... f6 $4 15. Ncxe5+ $18)
15. Rac1 (15. Rfe1 Nxc4 16. Qxc4 Rc8 17. Qh4 Bxf3 (17... Bg6 $2 18. Be7) 18.
Bxf3 f6 19. Bd5+ Kh8 20. Be3) 15... Nxc4 16. Qxc4 Rc8 17. Nh4 Bb6 18. Qd5 (18.
Qxc8 $2 Qxc8 19. Rxc8 Rxc8 20. Bxb7 Rc2 21. g4 Bg6 22. Nxg6 hxg6 $13) 18...
Rxc1 19. Rxc1 Kh8 20. Nf5 (20. Qxb7 $5 Nc5 (20... f5 21. Bc6 $16) (20... f6 21.
Be3 $16) 21. Qd5 $16) 20... Qe6 21. Nd6 Qxd5 22. Bxd5 Nc5 23. Be7 Rb8 (23...
Nxd3 $2 24. Rc3 $18) 24. Rc3 (24. Bxf7 Nxd3 25. Rc3 Bxf7 26. Nxf7+ Kg8 27. Nh6+
gxh6 28. Rxd3) 24... Na4 25. Rc2 f6 26. b4 (26. Nxb7 Re8 27. Bc6 Rxe7 28. Bxa4
h6 29. Rc8+ Kh7 30. Nd6 $16) 26... Bd4 27. Nb5 (27. Bxb7 Nb2 28. Be4 $16) 27...
h6 28. Nxd4 exd4 29. Rc7 Nb2 30. Rxb7 $2 (30. Bxb7 Nxd3 31. Be4 Nb2 32. Rd7 d3
33. Bc5 $16) 30... Rxb7 31. Bxb7 Nxd3 32. g4 Bf7 33. a3 Bc4 34. f3 $2 (34. Bc5
Nxc5 35. bxc5 d3 36. Bf3 d2 37. Bd1 Kg8 38. f3 Kf7 39. Kf2 Ke6 40. Ke3 Kd5 41.
Kxd2 Kxc5 $10) 34... Ne1 35. a4 $4 (35. Kf2 Nc2 $1 (35... Nd3+ 36. Kg1 $10) 36.
Bc5 d3 37. Be3 Nxa3 $17) 35... d3 0-1